000 00430nam a2200157Ia 4500
999 _c19551
_d19551
003 OSt
005 20200608124425.0
008 190216s9999||||xx |||||||||||||| ||und||
040 _coclc
082 _a341
_bPAL/I
100 _aPalmer, Norman D
_92588
245 0 _aInternational Relations /
_cNorman D Palmer
250 _a6th Ed.
260 _bGoel Pub House,
942 _cBK
_2ddc
_h341
_iPAL/I
_k341
_mPAL/I